Documento firmado por Don Agustín de Iturbide (Record no. 4594)

MARC details
000 -CABECERA
campo de control de longitud fija 01489nam a2200325 a 4500
001 - NÚMERO DE CONTROL
campo de control BRCA_4900
005 - FECHA Y HORA DE LA ÚLTIMA TRANSACCIÓN
campo de control 20190320204842.0
008 - DATOS DE LONGITUD FIJA--INFORMACIÓN GENERAL
campo de control de longitud fija 201010s1823----mx-#######---#000-0#spa-#
041 ## - CÓDIGO DE LENGUA
Código de lengua del texto/banda sonora o título independiente spa
044 ## - CÓDIGO DEL PAÍS DE LA ENTIDAD EDITORA/PRODUCTORA
Código MARC del país mx
084 ## - OTRO NÚMERO DE CLASIFICACIÓN
Número de clasificación DOC6
Número de documento/Ítem .I88
-- 1823
100 1# - ENTRADA PRINCIPAL--NOMBRE DE PERSONA
Nombre de persona Iturbide, Agustín de
Fechas asociadas al nombre 1783-1824
9 (RLIN) 12414
245 10 - MENCIÓN DE TÍTULO
Título Documento firmado por Don Agustín de Iturbide
Mención de responsabilidad, etc. Agustín de Iturbide ; José Manuel de Herrera.
260 ## - PUBLICACIÓN, DISTRIBUCIÓN, ETC.
Lugar de publicación, distribución, etc. México
Fecha de publicación, distribución, etc. 1823
300 ## - DESCRIPCIÓN FÍSICA
Extensión [2] fojas
Dimensiones 30 x 21 cm.
500 ## - NOTA GENERAL
Nota general Documento firmado el 1 de febrero de 1823.
500 ## - NOTA GENERAL
Nota general Documento reglamentario para la admisión de extranjeros, dado a conocer en forma de circular por Don José Manuel de Herrera a nombre de Don Agustín de Iturbide.
500 ## - NOTA GENERAL
Nota general Al margen inscripción que dice: ´Primera Secretaria de Estado´.
500 ## - NOTA GENERAL
Nota general El documento contiene la leyenda DOC. #15.
500 ## - NOTA GENERAL
Nota general Papel con marca de agua.
500 ## - NOTA GENERAL
Nota general Estado de conservación: el documento se encuentra dañado con marcas ocasionadas por fuego en los márgenes superior e inferior.
506 0# - NOTA DE RESTRICCIONES AL ACCESO
Limitaciones de acceso Fondo Reservado. Para su consulta es necesario credencial de usuario y carta de motivos.
546 ## - NOTA DE LENGUA/LENGUAJE
Nota de lengua/lenguaje Texto en : español de principios del siglo XIX.
600 14 - PUNTO DE ACCESO ADICIONAL DE MATERIA--NOMBRE DE PERSONA
Nombre de persona Iturbide, Agustín de
Títulos y otros términos asociados al nombre 1783-1824
Subdivisión general Historia
9 (RLIN) 12415
651 #4 - PUNTO DE ACCESO ADICIONAL DE MATERIA--NOMBRE GEOGRÁFICO
Nombre geográfico México
Subdivisión general Historia
Subdivisión cronológica Primeros gobiernos independientes, 1821-1824
9 (RLIN) 12416
653 0# - TÉRMINO DE INDIZACIÓN--NO CONTROLADO
Término no controlado Primer Imperio Mexicano.
700 1# - PUNTO DE ACCESO ADICIONAL--NOMBRE DE PERSONA
Nombre de persona Herrera, José Manuel de
9 (RLIN) 12417
902 ## - CATALOGADOR
Iniciales FDH
942 ## - ELEMENTOS DE PUNTO DE ACCESO ADICIONAL (KOHA)
Fuente del sistema de clasificación o colocación Library of Congress Classification
Tipo de ítem Koha Documentos
Holdings
Estado de retiro Estado de pérdida Estado dañado No para préstamo Localización permanente Ubicación/localización actual Fecha de adquisición Total de préstamos Signatura topográfica completa Código de barras Fecha visto por última vez Precio válido a partir de Tipo de ítem Koha
El ejemplar forma parte de la colección y puede ser consultado según las políticas vigentes.       Biblioteca del Museo Franz Mayer (Rogerio Casas-Alatriste) Biblioteca del Museo Franz Mayer (Rogerio Casas-Alatriste) 19/10/2010   DOC6 .I88 1823 4939 22/03/2019 22/03/2019 Documentos